В поисках шахмат (Запись № 13104674)

Подробности
000 -МАРКЕР
контрольное поле 02497nam0a2200385 4500
001 - ИДЕНТИФИКАТОР ЗАПИСИ
контрольное поле RU\NLR\BIBL_A\012774907
005 - ИДЕНТИФИКАТОР ВЕРСИИ
контрольное поле 20220627142559.0
010 ## - МЕЖДУНАРОДНЫЙ СТАНДАРТНЫЙ НОМЕР КНИГИ (ISBN)
Номер (ISBN) 978-5-17-138845-4
Тираж 3000
021 ## - НОМЕР ГОСУДАРСТВЕННОЙ РЕГИСТРАЦИИ
Код страны Российская Федерация
Номер КН-П-22-004632
Номер Листа государственной регистраци КН-П-22-0357
035 ## - ДРУГИЕ СИСТЕМНЫЕ НОМЕРА
Идентификатор записи (NLR Aleph) 012774907
035 ## - ДРУГИЕ СИСТЕМНЫЕ НОМЕРА
Идентификатор записи (RuMoRGB)010967721
100 ## - ДАННЫЕ ОБЩЕЙ ОБРАБОТКИ
Данные общей обработки 20220428d2022 c y0rusy50 ca
101 1# - ЯЗЫК РЕСУРСА
Язык текста, звукозаписи и т.д. русский
Язык оригинала шведский
102 ## - СТРАНА ПУБЛИКАЦИИ ИЛИ ПРОИЗВОДСТВА
Страна публикации Российская Федерация
105 ## - ПОЛЕ КОДИРОВАННЫХ ДАННЫХ: ТЕКСТОВЫЕ МАТЕРИАЛЫ, МОНОГРАФИЧЕСКИЕ
Кодированные данные о монографическом текстовом документе a z 000ay
181 #0 - ПОЛЕ КОДИРОВАННЫХ ДАННЫХ: ВИД СОДЕРЖАНИЯ
Код вида содержания (ISBD) i
Код характеристики содержания (ISBD) axxe
182 #0 - ПОЛЕ КОДИРОВАННЫХ ДАННЫХ: ТИП СРЕДСТВА
Код типа средства (ISBD) n - непосредственное
200 1# - ЗАГЛАВИЕ И СВЕДЕНИЯ ОБ ОТВЕТСТВЕННОСТИ
Основное заглавие В поисках шахмат
Сведения, относящиеся к заглавию [для младшего школьного возраста]
Первые сведения об ответственности Кристер Фуглесанг, Йеспер Халль
Последующие сведения об ответственности перевела со шведского языка Ольга Костанда
-- иллюстрации Юнаса Лаурелля
203 ## - ВИД СОДЕРЖАНИЯ И ТИП СРЕДСТВА
Вид содержания Текст
Дополнительные сведения об издании визуальный
Тип средства непосредственный
210 ## - ПУБЛИКАЦИЯ, РАСПРОСТРАНЕНИЕ И ДР.
Место издания, распространения и т.д. Москва
Имя издателя, распространителя и т. д. Аванта
-- АСТ
Дата издания, распространения и т.д. 2022
215 ## - ФИЗИЧЕСКАЯ ХАРАКТЕРИСТИКА
Специфическое обозначение материала и объем 222, [1] с.
Другие сведения о физической характеристике ил., цв. ил.
Размеры 22
225 1# - СЕРИЯ
Основное заглавие серии Научные приключения
330 ## - РЕЗЮМЕ ИЛИ РЕФЕРАТ
Текст примечания Книга шведского астронавта и писателя Кристера Фуглесанга и шахматиста Йеспера Халля - третья из шести увлекательнейших сказок о приключениях учёного дяди Альберта и детей - Маркуса и Марианны. С помощью космического корабля Лунник герои этой книги совершат увлекательное путешествие в прошлое. Они побывают в Древней Индии, Средневековой Англии, Римской империи и узнают историю появления игры в шахматы, а также историю возникновения фигур: слона, ладьи, королевы... и различных ходов, таких, как взятие на проходе, рокировка, вилка, спёртый мат
333 ## - ПРИМЕЧАНИЯ ОБ ОСОБЕННОСТЯХ РАСПРОСТРАНЕНИЯ И ИСПОЛЬЗОВАНИЯ
Текст примечания 0+; 6-
686 0# - ИНДЕКСЫ ДРУГИХ КЛАССИФИКАЦИЙ
Индекс Ш9(4Шв)60-4
700 #1 - ИМЯ ЛИЦА - ПЕРВИЧНАЯ ОТВЕТСТВЕННОСТЬ
Графика поля Кириллица
Материалы, к которым относится поле rus
Начальный элемент ввода Фуглесанг
Часть имени, кроме начального элемента ввода К.
Даты 1957-
Расширение инициалов личного имени Кристер
Системный номер авторитетной/нормативной записи 243614
Идентификатор авторитетной/нормативной записи RU\NLR\AUTH\770243670
701 #1 - ИМЯ ЛИЦА - АЛЬТЕРНАТИВНАЯ ОТВЕТСТВЕННОСТЬ
Начальный элемент ввода Халль
Часть имени, кроме начального элемента ввода Й.
Расширение инициалов личного имени Йеспер
702 #1 - ИМЯ ЛИЦА - ВТОРИЧНАЯ ОТВЕТСТВЕННОСТЬ
Начальный элемент ввода Лаурелль
Часть имени, кроме начального элемента ввода Ю.
Расширение инициалов личного имени Юнас
Код отношения Иллюстратор
942 ## - ДОПОЛНИТЕЛЬНЫЕ ЭЛЕМЕНТЫ ЗАПИСИ (АБИС)
Тип экземпляра АБИС Книга
980 ## - КОЛЛЕКЦИЯ
Название коллекции Национальная библиография
Экземпляры
Тип экземпляра Дата поступления Источник поступления Библиотека постоянного хранения Библиотека текущего хранения Место хранения Шифр хранения Штрих-код Статус экземпляра Стоимость
Книга 28.04.2022 Обязательный экземпляр РНБ (Московский) РНБ (Московский) Русский книжный фонд: издания с 1957 года 2022-5/4118 1-3772911    
Книга 28.04.2022 Обязательный экземпляр РНБ (Московский) РНБ (Московский) Кафедра Абонемента (Московский) Аб Ш9/Ф-94 1-3772907   200.00